00847nam a22002417a 450000500170000001000110001702000100002803500110003803700160004904000120006508200180007710000290009524500760012425000110020026000440021130000240025565000470027965000390032670000330036594200270039899900190042595201610044420170124110156.0 a171842 c00.00 a171842 bCen Lib/Ret aDPLbEN a616.8903bHIN aHinsie, Leland E.935130 aPsychiatric dictionary /cby Leland E.Hinsie [and] Robert Jean Campbell a3rd ed aNew YorkbOxford University Pressc1960 aix,788p. c22cm(Hb) aPsychiatry -- Dictionary -- English935131 aPsychiatrie -- Terminologie935132 aCampbell, Robert Jean935133 2ddccENh616.8903mHIN c132568d132568 04104070aLbLd2015-07-23eCen Lib/Retg0.00l0o616.8903 HINp171842r2015-07-23 00:00:00t1v0.00w2015-07-23yENzW/d List No. 6883/2 ; dtd 05/09/2020